| 000 | 00445nam a2200145Ia 4500 | ||
|---|---|---|---|
| 003 | OSt | ||
| 005 | 20260124100111.0 | ||
| 008 | 211028s2017 xx 000 0 und d | ||
| 040 | _cAIMIT LIBRARY | ||
| 041 | _aeng | ||
| 100 |
_aPereira, Elan Punith; Kamath, T Ramesh. _g1516038 _97614 |
||
| 245 | _aStudy on employee job satisfation at Amalgamated bean coffee trading limited / | ||
| 260 |
_aMangalore _bDr Babu Thomas. _c2017 |
||
| 942 |
_2ddc _cPRO |
||
| 999 |
_c219182 _d219182 |
||